[Event "FIDE Grand Swiss 2021"]
[Site "Riga"]
[Date "27.10.2021"]
[Round "1"]
[White "Vokhidov, Shamsiddin"]
[Black "Deac, Bogdan-Daniel"]
[Result "1/2-1/2"]
[WhiteElo "2521"]
[BlackElo "2643"]
[EventDate "2021"]

1. e4 c5 2. Nf3 d6 3. Bb5+ Nd7 4. Ba4 Nf6 5. O-O e6 6. Qe2 Qa5 7. Bb3 b5 8.
d3 Bb7 9. Bf4 Be7 10. Nbd2 a6 11. c3 O-O 12. d4 Rfc8 13. e5 dxe5 14. dxe5
Nd5 15. Bg5 Qd8 16. Ne4 Nxc3 17. bxc3 Bxe4 18. Qxe4 Bxg5 19. Rfd1 Be7 20.
a4 Rab8 21. axb5 axb5 22. h4 Qc7 23. h5 h6 24. Bc2 Nf8 25. g3 b4 26. c4 b3
27. Bd3 Rd8 28. Rab1 Qb7 29. Qxb7 Rxb7 30. Rb2 Rb4 31. Kf1 f6 32. Ke2 Nd7
33. Ke3 Nxe5 34. Nxe5 fxe5 35. Be2 Bg5+ 36. f4 exf4+ 37. gxf4 Bf6 38. Rxd8+
Bxd8 39. Bd1 Kf7 40. Bxb3 Bf6 41. Rb1 Bd4+ 42. Kf3 Kf6 43. Kg4 Be3 44. Kg3
Bd2 45. Kf3 Kf7 46. Ke4 Kf6 47. Kf3 Ke7 48. Ke4 Bc3 49. f5 e5 50. Bc2 Bd4
51. Rxb4 cxb4 52. c5 Bxc5 53. Kxe5 Bf2 54. Ba4 Bg3+ 55. Kd5 Kf6 56. Kc4 Bd6
57. Be8 Kxf5 58. Bg6+ Kf4 59. Kb3 Ke5 1/2-1/2

[Event "FIDE Grand Swiss 2021"]
[Site "Riga"]
[Date "27.10.2021"]
[Round "1"]
[White "Paravyan, David"]
[Black "Morovic Fernandez, Ivan"]
[Result "1/2-1/2"]
[WhiteElo "2642"]
[BlackElo "2510"]
[EventDate "2021"]

1. e4 c5 2. Nf3 e6 3. d4 cxd4 4. Nxd4 Nf6 5. Nc3 Nc6 6. Nxc6 bxc6 7. e5 Nd5
8. Ne4 Qc7 9. f4 Qb6 10. a3 f5 11. exf6 Nxf6 12. Nxf6+ gxf6 13. Qh5+ Kd8
14. Bd3 f5 15. Bd2 Bc5 16. b4 Be3 17. Qe2 Bxd2+ 18. Kxd2 a5 19. Qe3 Qxe3+
20. Kxe3 Bb7 21. Rhb1 Kc7 22. g3 Ra7 23. c4 axb4 24. axb4 Rha8 25. Rxa7
Rxa7 26. c5 Ra2 27. h3 Ba6 28. Bxa6 Rxa6 29. g4 Ra3+ 30. Kd4 fxg4 31. hxg4
Rg3 32. g5 h6 33. gxh6 1/2-1/2

[Event "FIDE Grand Swiss 2021"]
[Site "Riga"]
[Date "27.10.2021"]
[Round "1"]
[White "Budisavljevic, Luka"]
[Black "Bluebaum, Matthias"]
[Result "0-1"]
[WhiteElo "2508"]
[BlackElo "2640"]
[EventDate "2021"]

1. e4 e6 2. d4 d5 3. Nd2 c5 4. exd5 Qxd5 5. Ngf3 cxd4 6. Bc4 Qd6 7. O-O Nf6
8. Nb3 Nc6 9. Nbxd4 Nxd4 10. Qxd4 Qxd4 11. Nxd4 Bd7 12. Be2 Rc8 13. Bf3 Bc5
14. Nb3 Bb6 15. c3 Bc6 16. Bxc6+ Rxc6 17. Bf4 Nd5 18. Bg3 h5 19. h4 Ne7 20.
Be5 Ng6 21. Bg3 Rc4 22. a4 a6 23. Nd2 Rg4 24. Kh2 Nxh4 25. f3 Nf5 26. a5
Nxg3 27. fxg4 Nxf1+ 28. Nxf1 hxg4+ 29. Kg3 Bc7+ 30. Kxg4 Rh1 31. Kf3 Bxa5
32. Ke2 Bc7 33. Ra4 f5 34. Rc4 Kd7 35. Rd4+ Bd6 36. Ne3 Ke7 37. Nc4 Bc7 38.
Rd3 b5 39. Nd2 Rg1 40. Kf3 e5 41. Rd5 e4+ 42. Kf2 Bb6+ 43. Kg3 Ke6 0-1

[Event "FIDE Grand Swiss 2021"]
[Site "Riga"]
[Date "27.10.2021"]
[Round "1"]
[White "Gukesh, D"]
[Black "Rakotomaharo, Fy Antenaina"]
[Result "1-0"]
[WhiteElo "2640"]
[BlackElo "2484"]
[EventDate "2021"]

1. d4 Nf6 2. c4 e6 3. Nf3 d5 4. Nc3 dxc4 5. Qa4+ c6 6. Qxc4 b5 7. Qd3 Bb7
8. e4 b4 9. Na4 Nbd7 10. Bg5 Qa5 11. b3 c5 12. Bxf6 gxf6 13. Be2 O-O-O 14.
O-O Kb8 15. Rfd1 Bh6 16. Qc4 cxd4 17. Rxd4 Nb6 18. Qc5 Qxc5 19. Nxc5 Rxd4
20. Nxd4 Rc8 21. Nxb7 Kxb7 22. Bh5 Rc7 23. g3 Nc8 24. Rd1 Rd7 25. Kf1 Bf8
26. Ke2 Kb6 27. Nf3 Nd6 28. e5 fxe5 29. Nxe5 Rc7 30. Bxf7 Rc2+ 31. Rd2
Rxd2+ 32. Kxd2 Bg7 33. Nd7+ Kc6 34. Bxe6 Ne4+ 35. Ke3 Nc3 36. Kd3 Kd6 37.
Bf5 Nxa2 38. Kc4 a5 39. Nc5 h6 40. Bd3 Kc6 41. Be4+ Kb6 42. f4 Nc3 43. Bf3
Nb1 44. Na4+ Kc7 45. Kd5 Nd2 46. Bd1 Kd7 47. Nb6+ Ke7 48. Nc4 Nf1 49. Be2
Nxh2 50. Nxa5 Bc3 51. Nc4 Kf6 52. Nd6 Be1 53. g4 Bc3 54. Ne4+ Ke7 55. Kc4
Be1 56. f5 Kf7 57. Kd4 Kg7 58. Ke5 Kf7 59. f6 Bc3+ 60. Kf5 Bd4 61. g5 1-0

[Event "FIDE Grand Swiss 2021"]
[Site "Riga"]
[Date "27.10.2021"]
[Round "1"]
[White "Miezis, Normunds"]
[Black "Sasikiran, Krishnan"]
[Result "1/2-1/2"]
[WhiteElo "2467"]
[BlackElo "2640"]
[EventDate "2021"]

1. c4 g6 2. Nc3 Bg7 3. g3 e5 4. Bg2 d6 5. d3 Ne7 6. e4 c5 7. Nge2 Nbc6 8.
a3 a6 9. O-O O-O 10. Rb1 Rb8 11. b4 cxb4 12. axb4 b5 13. cxb5 axb5 14. Be3
Nd4 15. Qd2 Bg4 16. f3 Be6 17. f4 Ra8 18. Rf2 Qd7 19. Rbf1 Nxe2+ 20. Nxe2
Ra2 21. Qe1 Rc8 22. fxe5 dxe5 23. Bc5 Bf8 24. Nc3 Ra3 25. Nd5 Bxd5 26. exd5
Nf5 27. Qxe5 Rxc5 28. Rxf5 gxf5 29. bxc5 Bxc5+ 30. d4 Bd6 31. Qf6 Qe7 32.
Qxf5 Re3 33. Qg4+ Kh8 34. Qc8+ Kg7 35. Qg4+ Kh8 36. Qc8+ Kg7 37. Qg4+
1/2-1/2

[Event "FIDE Grand Swiss 2021"]
[Site "Riga"]
[Date "28.10.2021"]
[Round "2"]
[White "Nihal, Sarin"]
[Black "Caruana, Fabiano"]
[Result "1/2-1/2"]
[WhiteElo "2652"]
[BlackElo "2800"]
[EventDate "2021"]

1. d4 d5 2. c4 e6 3. Nc3 c5 4. e3 Nf6 5. Nf3 a6 6. cxd5 exd5 7. Be2 Nc6 8.
O-O Bd6 9. dxc5 Bxc5 10. b3 O-O 11. Bb2 Ba7 12. Rc1 Re8 13. h3 Qd6 14. Bd3
Bd7 15. Ne2 Rad8 16. Ned4 Ne4 17. Qe2 Bb8 18. Rfd1 Qg6 19. Nh4 Nxd4 20.
Bxd4 Qh6 21. Nf3 Bxh3 22. gxh3 Qxh3 23. Qf1 Qxf3 24. Qg2 Qxg2+ 25. Kxg2 h6
26. b4 Re6 27. a4 h5 28. Rc2 Be5 29. Bxe5 Rxe5 30. Rc7 Nd6 31. Be2 Rg5+ 32.
Kf1 Rf5 33. Kg2 Rg5+ 34. Kf1 Rf5 35. Kg2 b5 36. axb5 Nxb5 37. Rc5 Rb8 38.
Bf1 Rg5+ 39. Kh2 Rg4 40. Rdxd5 Rxb4 41. Rxh5 g6 42. Rhd5 Kg7 43. Kg3 Rb6
44. Bd3 Rb2 45. f3 Rb3 46. e4 Rd6 47. Rxb5 Rxd3 48. Rxd3 Rxd3 49. Rb6 a5
50. Ra6 Ra3 51. e5 a4 52. Ra7 Kf8 53. Kg4 Re3 54. Kf4 Ra3 55. Kg4 Re3 56.
Kf4 Ra3 57. Kg4 1/2-1/2

[Event "FIDE Grand Swiss 2021"]
[Site "Riga"]
[Date "28.10.2021"]
[Round "2"]
[White "Saric, Ivan"]
[Black "Alekseenko, Kirill"]
[Result "1-0"]
[WhiteElo "2644"]
[BlackElo "2710"]
[EventDate "2021"]

1. e4 e5 2. Nf3 Nc6 3. Bb5 a6 4. Ba4 Nf6 5. O-O Be7 6. Re1 b5 7. Bb3 O-O 8.
c3 d5 9. exd5 Nxd5 10. Nxe5 Nxe5 11. Rxe5 c6 12. d3 a5 13. Re1 a4 14. Bc2
Bf5 15. a3 Re8 16. Nd2 Bg6 17. Ne4 f5 18. Ng3 Bd6 19. Rxe8+ Qxe8 20. Bd2
Ra7 21. Qf1 Re7 22. Re1 f4 23. Rxe7 Qxe7 24. Ne4 f3 25. g3 Nf6 26. Bg5 Bxe4
27. dxe4 h6 28. Bxf6 Qxf6 29. Qd3 g5 30. h3 h5 31. e5 Qxe5 32. Qxf3 h4 33.
gxh4 gxh4 34. Be4 Qg5+ 35. Qg2 Qxg2+ 36. Kxg2 c5 37. Bc6 b4 38. axb4 cxb4
39. cxb4 Bxb4 40. Bxa4 Kg7 41. f4 Bd6 42. Kf3 Kf6 43. Ke4 Bb4 44. Bd7 Bd6
45. Bg4 Bb4 46. Kd5 Bd2 47. f5 Be1 48. Kc5 Bf2+ 49. Kb5 1-0

[Event "FIDE Grand Swiss 2021"]
[Site "Riga"]
[Date "28.10.2021"]
[Round "2"]
[White "Maghsoodloo, Parham"]
[Black "Gukesh, D"]
[Result "1/2-1/2"]
[WhiteElo "2701"]
[BlackElo "2640"]
[EventDate "2021"]

1. d4 Nf6 2. c4 e6 3. Nf3 d5 4. g3 Be7 5. Bg2 O-O 6. O-O dxc4 7. Qc2 b5 8.
a4 b4 9. Nfd2 Nd5 10. Nxc4 c5 11. dxc5 Ba6 12. Ne3 Nd7 13. Nxd5 exd5 14. c6
Rc8 15. Bf4 Nc5 16. Rd1 d4 17. h4 h6 18. c7 Qd7 19. Nd2 Bxe2 20. Rdc1 Nd3
21. Qc6 Bg4 22. Re1 Bc5 23. Qxd7 Bxd7 24. Nb3 Nxf4 25. Nxc5 Nxg2 26. Re7
Bc6 27. Rd1 Rfe8 28. Rxe8+ Bxe8 29. Na6 Ne1 30. Rxe1 Bxa4 31. Re5 Kf8 32.
Rd5 Ke8 33. Rxd4 Bb5 34. Nxb4 Rxc7 35. Rd1 Rd7 36. Ra1 Rd4 37. Na2 Rd2 38.
Nc3 a6 39. b4 Rb2 40. Rb1 Rxb1+ 41. Nxb1 Ke7 42. Nc3 Ke6 43. f4 Kf5 44. Kf2
Bc6 45. Ke3 Kg4 46. Kf2 Kf5 47. Ke3 Kg4 48. Kf2 1/2-1/2

[Event "FIDE Grand Swiss 2021"]
[Site "Riga"]
[Date "28.10.2021"]
[Round "2"]
[White "Artemiev, Vladislav"]
[Black "Brkic, Ante"]
[Result "1/2-1/2"]
[WhiteElo "2699"]
[BlackElo "2621"]
[EventDate "2021"]

1. Nf3 d5 2. g3 g6 3. Bg2 Bg7 4. d4 Nf6 5. O-O O-O 6. c3 c6 7. a4 Bf5 8.
Bf4 Nbd7 9. Nbd2 h6 10. Re1 g5 11. Be5 e6 12. Bd6 Re8 13. Ne5 Rc8 14. Nxd7
Nxd7 15. e4 dxe4 16. Bxe4 Nf6 17. Bxf5 Qxd6 18. Nc4 Qc7 19. Bd3 Red8 20.
Qc2 c5 21. dxc5 Qxc5 22. Bf1 Rd7 23. Rad1 Rcd8 24. Rxd7 Rxd7 25. Qe2 Nd5
26. a5 Ne7 27. Qf3 Nc6 28. Rd1 Rxd1 29. Qxd1 Qd5 30. Be2 Qxd1+ 31. Bxd1 Ne5
32. Nd6 Nd3 33. Nc4 Ne5 34. Nd6 1/2-1/2

[Event "FIDE Grand Swiss 2021"]
[Site "Riga"]
[Date "28.10.2021"]
[Round "2"]
[White "Bluebaum, Matthias"]
[Black "Wojtaszek, Radoslaw"]
[Result "1/2-1/2"]
[WhiteElo "2640"]
[BlackElo "2691"]
[EventDate "2021"]

1. d4 Nf6 2. c4 e6 3. Nc3 Bb4 4. e3 O-O 5. Bd3 d5 6. cxd5 exd5 7. Ne2 Re8
8. Bd2 Bd6 9. Qc2 a6 10. f3 c5 11. dxc5 Bxc5 12. e4 d4 13. Nd5 Nbd7 14. Bg5
Qa5+ 15. Bd2 Qd8 16. Nxf6+ Qxf6 17. O-O Ba7 18. Nf4 Nc5 19. Nd5 Qd8 20. Bf4
Bd7 21. Bc7 Qg5 22. Bf4 Qd8 23. Bc7 Qg5 24. Bf4 Qd8 1/2-1/2

[Event "FIDE Grand Swiss 2021"]
[Site "Riga"]
[Date "28.10.2021"]
[Round "2"]
[White "Kollars, Dmitrij"]
[Black "Kryvoruchko, Yuriy"]
[Result "1/2-1/2"]
[WhiteElo "2621"]
[BlackElo "2686"]
[EventDate "2021"]

1. e4 e5 2. Nf3 Nc6 3. Bb5 Nf6 4. O-O Nxe4 5. Re1 Nd6 6. Nxe5 Be7 7. Bf1
Nxe5 8. Rxe5 O-O 9. Nc3 Bf6 10. Re1 Re8 11. Nd5 Rxe1 12. Qxe1 b6 13. d3 Bb7
14. Nxf6+ Qxf6 15. Qe3 c5 16. c3 Nf5 17. Qf4 h6 18. Bd2 g5 19. Qg4 Re8 20.
f4 Ne3 21. Qg3 Nxf1 22. Rxf1 Re2 23. fxg5 Qd6 24. Rf2 Qxg3 25. hxg3 Rxf2
26. Kxf2 hxg5 27. Bxg5 Kf8 28. Bf4 Ke7 29. Bb8 Kd8 30. Bd6 f5 1/2-1/2

[Event "FIDE Grand Swiss 2021"]
[Site "Riga"]
[Date "28.10.2021"]
[Round "2"]
[White "Predke, Alexandr"]
[Black "Yakubboev, Nodirbek"]
[Result "1-0"]
[WhiteElo "2666"]
[BlackElo "2621"]
[EventDate "2021"]

1. d4 Nf6 2. c4 g6 3. Nc3 Bg7 4. e4 d6 5. h3 O-O 6. Bg5 Nc6 7. Nf3 h6 8.
Be3 e5 9. d5 Nd4 10. Nxd4 exd4 11. Qxd4 Ng4 12. hxg4 Bxd4 13. Bxd4 Kh7 14.
Be2 f5 15. exf5 gxf5 16. Rh5 Kg6 17. Kd2 fxg4 18. Rah1 Bf5 19. Rxh6+ Kf7
20. R1h5 Ke7 21. Nd1 c5 22. Bc3 Kd7 23. Ne3 Bb1 24. Bxg4+ Kc7 25. f3 Qe8
26. Rh1 Bg6 27. Re1 Rg8 28. Be6 Qf8 29. Reh1 Re8 30. R1h4 Rxe6 31. dxe6 Qe8
32. Nd5+ Kc6 33. Nf6 Qe7 34. Rg4 1-0

[Event "FIDE Grand Swiss 2021"]
[Site "Riga"]
[Date "28.10.2021"]
[Round "2"]
[White "Petrosyan, Manuel"]
[Black "Ponkratov, Pavel"]
[Result "1/2-1/2"]
[WhiteElo "2605"]
[BlackElo "2659"]
[EventDate "2021"]

1. d4 Nf6 2. c4 g6 3. Nc3 d5 4. cxd5 Nxd5 5. e4 Nxc3 6. bxc3 Bg7 7. Bb5+ c6
8. Ba4 b5 9. Bb3 a5 10. a4 b4 11. Bb2 O-O 12. cxb4 Na6 13. b5 cxb5 14. axb5
Qb6 15. Ne2 Qxb5 16. Nc3 Qb7 17. Rxa5 Rd8 18. Rb5 Qa7 19. Rd5 Rxd5 20. Nxd5
e6 21. Ne3 Rb8 22. Bc3 Nc5 23. Bc2 Qc7 24. Ba1 Qa5+ 25. Ke2 Ba6+ 26. Kf3
Nxe4 27. Bxe4 Qh5+ 28. Kg3 Be2 29. Qc2 Qg5+ 30. Kh3 Qh5+ 31. Kg3 Qg5+ 32.
Kh3 Qh5+ 1/2-1/2

[Event "FIDE Grand Swiss 2021"]
[Site "Riga"]
[Date "28.10.2021"]
[Round "2"]
[White "Howell, David W L"]
[Black "Neiksans, Arturs"]
[Result "1/2-1/2"]
[WhiteElo "2658"]
[BlackElo "2570"]
[EventDate "2021"]

1. Nf3 Nf6 2. c4 e6 3. g3 b6 4. Bg2 Bb7 5. O-O Be7 6. d4 O-O 7. Re1 d5 8.
cxd5 exd5 9. Nc3 Na6 10. Bf4 c5 11. Rc1 Ne4 12. dxc5 Naxc5 13. Be5 a6 14.
a3 b5 15. b4 Ne6 16. Qb3 Rc8 17. Nd4 Nd2 18. Qa2 Nc4 19. Nxe6 fxe6 20. Bd4
e5 21. Ba7 Qd7 22. e4 Ba8 23. Bc5 Bxc5 24. bxc5 d4 25. Na4 Kh8 26. Nb2 Rxc5
27. Nxc4 Qf7 28. Bf1 Rfc8 29. Bh3 R8c7 30. Qb1 Rxc4 31. Bf1 Rxc1 32. Rxc1
g6 33. a4 Bxe4 34. Qxe4 Rxc1 35. Qxe5+ Kg8 36. axb5 axb5 37. Qxd4 Qc4 38.
Qd8+ Kf7 39. Qd7+ Kf6 40. Qd6+ Kf5 41. Qd7+ Ke4 42. Qe7+ Kd5 43. Qd7+ Kc5
44. Qe7+ Kb6 45. Qe3+ Qc5 46. Qe6+ Qc6 47. Qe3+ Kb7 48. h4 Qc5 49. Qe4+ Kc7
50. h5 gxh5 51. Qxh7+ Kb6 52. Qd3 Ka5 53. Kg2 Qc6+ 54. Kh2 Rc2 55. Kg1 Qc5
56. Be2 Rc3 57. Qd2 b4 58. Qa2+ Ra3 59. Qg8 b3 60. Qa8+ Kb4 61. Qe4+ Kc3
62. Kg2 Ra5 63. Qd3+ Kb2 64. Bf3 Ka2 65. Be4 Ka3 66. Qf3 Qe5 67. Bg6 Rb5
68. Bf7 Qf5 69. Qa8+ Kb2 70. Qa4 Qe5 71. Qc4 Qc5 72. Qe2+ Ka3 73. Qf3 Qe5
74. Qa8+ Kb4 75. Qf3 b2 76. Ba2 Qd6 77. Bb1 Ka5 78. Qc3+ Kb6 79. Qh8 Qd5+
80. Kh2 h4 81. Qf6+ Ka5 82. Qc3+ Ka6 83. Qf6+ Ka7 84. Qe7+ Kb8 85. Qe8+ Kc7
86. Qe7+ Qd7 87. Qxh4 Qf7 88. Qd4 Qh5+ 89. Kg1 Qd5 90. Qc3+ Qc5 91. Qg7+
Kb6 92. Qf6+ Ka5 93. Qd8+ Rb6 94. Qd2+ Ka6 95. Qd3+ Rb5 96. Qe4 Qd5 97. Qe2
Kb6 98. Qc2 Qd4 99. Kg2 Qe5 100. Qg6+ Ka5 101. Qc2 Rc5 102. Qd2+ Ka6 103.
Qd3+ Kb6 104. Qd8+ Qc7 105. Qd4 Qc6+ 106. Kh2 Kc7 107. Qf4+ Qd6 108. Qf7+
Kb6 109. Qb3+ Rb5 110. Qe3+ Qc5 111. Qe6+ Ka7 112. Qa2+ Kb8 113. Qg8+ Qc8
114. Qg6 Qh8+ 115. Kg2 Qe5 116. Qg8+ Kc7 117. Qh7+ Kb6 118. Qh6+ Ka7 119.
Qh7+ Rb7 120. Qg8 Rc7 121. Qa2+ Kb6 122. Qb3+ Qb5 123. Qe3+ Kb7 124. Qf3+
Kb8 125. Qf8+ Ka7 126. Qa3+ Kb6 127. Qe3+ Rc5 128. Qd4 Qc6+ 129. Kh2 Ka7
130. Be4 Qb5 131. Bb1 Qb6 132. Qa4+ Kb8 133. Qe8+ Rc8 134. Qe5+ Ka7 135.
Qe7+ Qb7 136. Qa3+ Kb8 137. Qd6+ Rc7 138. Qf8+ Qc8 139. Qb4+ Rb7 140. Qd6+
Qc7 141. Qf8+ Qc8 142. Qd6+ Qc7 1/2-1/2

[Event "FIDE Grand Swiss 2021"]
[Site "Riga"]
[Date "28.10.2021"]
[Round "2"]
[White "Aronian, Levon"]
[Black "Niemann, Hans Moke"]
[Result "1-0"]
[WhiteElo "2782"]
[BlackElo "2638"]
[EventDate "2021"]

1. e4 e5 2. Nf3 Nc6 3. Bc4 Nf6 4. d3 Bc5 5. O-O d6 6. c3 O-O 7. Re1 h6 8.
Nbd2 a6 9. a4 Ba7 10. Nf1 Re8 11. Ng3 Be6 12. Bxe6 Rxe6 13. b4 d5 14. Qc2
d4 15. b5 Ne7 16. cxd4 Bxd4 17. Nxd4 Qxd4 18. Rb1 axb5 19. axb5 Qd7 20. Be3
b6 21. h3 Ra5 22. Red1 Rd6 23. d4 Rxb5 24. Rxb5 Qxb5 25. Qxc7 Rd7 26. Qc3
h5 27. f3 exd4 28. Rxd4 h4 29. Nf1 Rxd4 30. Qxd4 Nd7 31. Bf2 Ng6 32. Ne3
Nf4 33. Qd6 g5 34. Qe7 Ne2+ 35. Kh1 Ng3+ 36. Kh2 Nf8 37. Nf5 Nxf5 38. Qxg5+
Ng6 39. exf5 Qe5+ 40. Kh1 Qf4 41. Qg4 Qxg4 42. fxg4 1-0

[Event "FIDE Grand Swiss 2021"]
[Site "Riga"]
[Date "28.10.2021"]
[Round "2"]
[White "Vachier-Lagrave, Maxime"]
[Black "Tabatabaei, M. Amin"]
[Result "1-0"]
[WhiteElo "2763"]
[BlackElo "2639"]
[EventDate "2021"]

1. e4 e5 2. Nf3 Nc6 3. Bb5 Nf6 4. O-O Nxe4 5. d4 Nd6 6. Bxc6 dxc6 7. dxe5
Nf5 8. Qxd8+ Kxd8 9. h3 Be7 10. Nc3 Nh4 11. Nxh4 Bxh4 12. f4 Bf5 13. Rd1+
Ke8 14. g4 Bc8 15. Kg2 h5 16. f5 Be7 17. Kg3 hxg4 18. hxg4 Bh4+ 19. Kf3 Be7
20. Bf4 g6 21. Rh1 Rg8 22. f6 Bb4 23. Ne4 Be6 24. a3 Ba5 25. Ng5 Bd5+ 26.
Kg3 Bxh1 27. Rxh1 Rf8 28. Rh7 Bb6 29. c3 Rd8 30. e6 Rd3+ 31. Kg2 Be3 32. e7
Rg8 33. Nxf7 1-0

[Event "FIDE Grand Swiss 2021"]
[Site "Riga"]
[Date "28.10.2021"]
[Round "2"]
[White "Kovalev, Vladislav"]
[Black "Vitiugov, Nikita"]
[Result "1/2-1/2"]
[WhiteElo "2634"]
[BlackElo "2727"]
[EventDate "2021"]

1. e4 c5 2. Nf3 d6 3. Bb5+ Nd7 4. O-O a6 5. Bd3 Ngf6 6. Re1 e6 7. c3 b5 8.
Bc2 c4 9. a4 Bb7 10. d4 cxd3 11. Qxd3 Nc5 12. Qe2 bxa4 13. e5 dxe5 14. Nxe5
Bd6 15. Nd2 Bxe5 16. Qxe5 Nd3 17. Bxd3 Qxd3 18. Rxa4 O-O 19. Rd4 Qb5 20.
Nc4 Rfd8 21. Red1 Rd5 22. Rxd5 Bxd5 23. Na3 Qb7 24. f3 Nd7 25. Qd4 Nf8 26.
c4 Bc6 27. Be3 Ng6 28. Qb6 Qc8 29. Rd2 h6 30. b4 Be8 31. Qc5 1/2-1/2

[Event "FIDE Grand Swiss 2021"]
[Site "Riga"]
[Date "28.10.2021"]
[Round "2"]
[White "Esipenko, Andrey"]
[Black "Moussard, Jules"]
[Result "1/2-1/2"]
[WhiteElo "2720"]
[BlackElo "2632"]
[EventDate "2021"]

1. e4 e5 2. Nf3 Nf6 3. d4 Nxe4 4. Bd3 d5 5. Nxe5 Nd7 6. Nc3 Nxc3 7. bxc3
Nxe5 8. dxe5 Bc5 9. O-O O-O 10. Kh1 Qe7 11. f4 f6 12. exf6 Qxf6 13. f5 Bd7
14. Qh5 h6 15. Bd2 Rae8 16. Rf3 Bd6 17. g4 Qf7 18. Qh3 d4 19. cxd4 Qd5 20.
g5 g6 21. Qg2 Rxf5 22. Bxf5 Bxf5 23. Raf1 Be4 24. gxh6 Kh7 25. Rf7+ Kh8 26.
R7f3 Rf8 27. c4 Bxf3 28. cxd5 Bxg2+ 29. Kxg2 Rxf1 30. Kxf1 Bxh2 31. Ke2 b5
32. Kd3 Kh7 33. Kc2 Bd6 34. Kb3 a6 35. a4 Bf8 1/2-1/2

[Event "FIDE Grand Swiss 2021"]
[Site "Riga"]
[Date "28.10.2021"]
[Round "2"]
[White "Dreev, Aleksey"]
[Black "Harikrishna, Pentala"]
[Result "1-0"]
[WhiteElo "2635"]
[BlackElo "2719"]
[EventDate "2021"]

1. d4 Nf6 2. c4 g6 3. Nc3 d5 4. Nf3 Bg7 5. Bf4 O-O 6. Rc1 dxc4 7. e3 Be6 8.
Ng5 Bg4 9. f3 Bc8 10. Bxc4 Nc6 11. Bg3 e6 12. f4 Na5 13. Be2 c5 14. dxc5
Nd5 15. Nxd5 exd5 16. b4 Nc4 17. Bxc4 dxc4 18. O-O Bd7 19. Ne4 a5 20. Bh4
Qc7 21. Bf6 Bc6 22. Bxg7 Kxg7 23. Qd4+ f6 24. b5 Bxb5 25. Nd6 Ba6 26. Rb1
Rfd8 27. f5 g5 28. h4 h6 29. Rb6 Qe7 30. Rf3 Rd7 31. hxg5 hxg5 32. Rg3 Kh7
33. Qg4 Kg7 34. Ne4 Rad8 35. Nxg5 Rd1+ 36. Kh2 fxg5 37. f6+ Qxf6 38. Rxf6
Rh8+ 39. Rh3 Rxh3+ 40. Qxh3 1-0

[Event "FIDE Grand Swiss 2021"]
[Site "Riga"]
[Date "28.10.2021"]
[Round "2"]
[White "Fedoseev, Vladimir"]
[Black "Yilmaz, Mustafa"]
[Result "1-0"]
[WhiteElo "2704"]
[BlackElo "2626"]
[EventDate "2021"]

1. e4 c5 2. Nf3 d6 3. d4 cxd4 4. Nxd4 Nf6 5. Nc3 a6 6. Rg1 Nc6 7. g4 h6 8.
h3 Nxd4 9. Qxd4 e5 10. Qd3 Be6 11. Bd2 Qb6 12. Qg3 Qc6 13. Bd3 g5 14. h4
Rg8 15. hxg5 hxg5 16. f3 Be7 17. Rh1 Nd7 18. O-O-O Bd8 19. Kb1 Ba5 20. Qe1
Rc8 21. Ne2 Bxd2 22. Qxd2 Qb6 23. Ng3 Nf6 24. Nf1 Ke7 25. Rh6 Qc5 26. c4
Qb6 27. Rc1 Qd4 28. Ne3 Qc5 29. Rhh1 Qb6 30. Rhd1 Qd4 31. Rc3 Rc6 32. Qc1
Qb6 33. Bc2 Rcc8 34. Qd2 Rgd8 35. Rd3 Qc7 36. Bb3 Rd7 37. Ba4 Rdd8 38. Ka1
Qb6 39. b4 Qc7 40. Bb3 Rd7 41. Nf5+ Bxf5 42. exf5 Rg8 43. Ba4 Rdd8 44. Qe3
Kf8 45. Bb3 Rd7 46. Kb2 b6 47. R3d2 Rg7 48. Rc2 Rg8 49. Rh1 Rd8 50. Rh6 Ke7
51. c5 bxc5 52. bxc5 Rd7 53. Re2 Qd8 54. cxd6+ Rxd6 55. Qa7+ 1-0

[Event "FIDE Grand Swiss 2021"]
[Site "Riga"]
[Date "28.10.2021"]
[Round "2"]
[White "Zhou, Jianchao"]
[Black "Yu, Yangyi"]
[Result "0-1"]
[WhiteElo "2629"]
[BlackElo "2704"]
[EventDate "2021"]

1. d4 Nf6 2. c4 e6 3. Nf3 d5 4. Nc3 Bb4 5. Qa4+ Nc6 6. e3 O-O 7. Bd2 Re8 8.
a3 Bf8 9. Be2 h6 10. O-O a6 11. Rfd1 dxc4 12. Qxc4 e5 13. Nxe5 Nxe5 14.
dxe5 Rxe5 15. e4 Be6 16. Qa4 Qe8 17. Qc2 Rc5 18. Be3 Rc6 19. Bf3 Bg4 20.
Qe2 Bxf3 21. Qxf3 Qe6 22. Bd4 Re8 23. Bxf6 Qxf6 24. Qxf6 Rxf6 25. f3 Rb6
26. b4 Rc6 27. Nd5 Rc2 28. Rac1 Rxc1 29. Rxc1 c6 30. Nb6 Rd8 31. Rc3 g5 32.
Kf1 Bg7 33. Rc2 Rd1+ 34. Ke2 Rg1 35. g4 Rh1 36. Kd3 Ra1 37. Nc4 b5 38. Na5
Rxa3+ 39. Ke2 c5 40. Rxc5 Bf8 41. Rd5 Bxb4 42. Nc6 Ra2+ 43. Ke3 Ba3 44. Nd4
Rxh2 45. e5 Bb2 46. Rd8+ Kh7 47. Ra8 Bxd4+ 48. Kxd4 Ra2 49. e6 fxe6 50. Ke5
Kg6 51. Kxe6 Ra3 52. Ke5 Re3+ 53. Kd5 Ra3 54. Ke4 b4 55. Rb8 b3 56. Rb6+
Kf7 57. Rxh6 Ra4+ 58. Kd3 Rb4 59. Rh1 b2 60. Rb1 Kf6 0-1

[Event "FIDE Grand Swiss 2021"]
[Site "Riga"]
[Date "28.10.2021"]
[Round "2"]
[White "Keymer, Vincent"]
[Black "Xiong, Jeffery"]
[Result "1-0"]
[WhiteElo "2630"]
[BlackElo "2700"]
[EventDate "2021"]

1. d4 Nf6 2. c4 g6 3. g3 Bg7 4. Bg2 O-O 5. Nc3 d6 6. Nf3 c6 7. e4 Be6 8.
Qe2 Bg4 9. h3 Bxf3 10. Bxf3 Nfd7 11. Be3 c5 12. d5 Ne5 13. Bg2 Qb6 14. Rd1
Qb4 15. Bf1 b5 16. cxb5 c4 17. Qc2 Nf3+ 18. Ke2 Ne5 19. a3 Qa5 20. f4 Nd3
21. Kf3 Nxb2 22. Qxb2 Bxc3 23. Qa2 Nd7 24. Bxc4 Rfc8 25. Rc1 Rc7 26. Be2
Qa4 27. Rb1 Nc5 28. Bc4 Rac8 29. Rhc1 f5 30. exf5 gxf5 31. Bxc5 Rxc5 32.
Bd3 Qd4 33. Bxf5 Bd2 34. Rd1 Rc3+ 35. Kg2 Rxg3+ 36. Kh1 Qxf4 37. Be6+ Kh8
38. Qxd2 Qe4+ 39. Kh2 Rc2 40. Qxc2 Qxc2+ 41. Kxg3 Qc3+ 42. Kg2 Qc2+ 43. Kf3
Qc3+ 44. Kf2 Qc5+ 45. Ke2 Qc2+ 46. Kf1 Qc3 47. Ke2 Qc2+ 48. Ke3 Qc5+ 49.
Kd2 Qxa3 50. Rg1 Qa2+ 51. Ke3 Qa3+ 52. Kf4 Qa4+ 53. Kf3 Qa3+ 54. Kg2 Kg7
55. Rbf1 Qe3 56. Kh2+ Kh6 57. Rf5 Qd3 58. Rg2 Qb1 59. Bd7 Qe4 60. Rgf2 Qe3
61. Be8 Qe4 62. Rh5+ Kg7 63. Rf7+ Kh8 64. Rfxh7+ 1-0

[Event "FIDE Grand Swiss 2021"]
[Site "Riga"]
[Date "28.10.2021"]
[Round "2"]
[White "Kravtsiv, Martyn"]
[Black "Svidler, Peter"]
[Result "1/2-1/2"]
[WhiteElo "2625"]
[BlackElo "2694"]
[EventDate "2021"]

1. e4 c5 2. Nf3 d6 3. Bb5+ Nd7 4. d4 Nf6 5. Nc3 cxd4 6. Qxd4 e5 7. Qd3 h6
8. O-O Be7 9. Be3 a6 10. Bc4 b5 11. Bd5 Rb8 12. Ba7 Nxd5 13. Nxd5 Rb7 14.
Be3 Nf6 15. Nxf6+ Bxf6 16. Nd2 O-O 17. c4 Be6 18. Rfd1 Qb8 19. Rac1 Rc8 20.
b3 Be7 21. Rc2 Rc6 22. Rdc1 Rbc7 23. cxb5 Rxc2 24. Rxc2 Rxc2 25. Qxc2 Qxb5
26. Qc7 Qd7 27. Qxd7 Bxd7 28. Nc4 Bc6 29. f3 f6 30. Nb6 h5 31. Nd5 Bd8 32.
Bb6 Bxd5 1/2-1/2